| 000 | 00850nam a22002897a 4500 | ||
|---|---|---|---|
| 001 | 200462204 | ||
| 003 | TR-AnTOB | ||
| 005 | 20241119091450.0 | ||
| 008 | 240805b tu ||||| |||| 00| 0 tur d | ||
| 020 | _a9789752119130 | ||
| 040 |
_aTR-AnTOB _beng _erda _cTR-AnTOB |
||
| 041 | _atur | ||
| 092 |
_a813.42 _bSER 2021 |
||
| 100 | 1 |
_aSertbarut, Miyase _eAuthor _9143887 |
|
| 245 |
_aKomşumuz çok acayip / _cMiyase Sertbarut ; resimleyen : Bekir Gürgen |
||
| 250 | _a13.bs. | ||
| 260 |
_aİstanbul : _bAltın Kitaplar ; _c2021. |
||
| 300 |
_a149 Pages : _bill. ; _c20 cm. |
||
| 336 |
_atext _btxt _2rdacontent |
||
| 337 |
_aunmediated _bn _2rdamedia |
||
| 338 |
_avolume _bnc _2rdacarrier |
||
| 653 | _a Türk edebiyatı | ||
| 700 | 1 |
_aGürgen, Bekir _9146701 |
|
| 942 |
_2ddc _cBK |
||
| 999 |
_c200462204 _d80416 |
||